| 000 | 01914cam a22004455a 4500 | ||
|---|---|---|---|
| 001 | 12183333 | ||
| 005 | 20150823145405.0 | ||
| 008 | 000923s2000 enka b 101 0 eng d | ||
| 010 | _a 00708587 | ||
| 015 | _aGBA0-Z0652 | ||
| 020 | _a0761967664 | ||
| 020 | _a9780761967675 | ||
| 020 | _a0761967672 (pbk.) | ||
| 035 | _a(OCoLC)ocm43540044 | ||
| 040 |
_aUKM _cUKM _dIQU _dC#P _dDLC _dEG-ScBuE |
||
| 042 | _alccopycat | ||
| 050 | 0 | 0 |
_aGE149 _b.E45 2000 |
| 082 | 0 | 0 |
_a363.7 _222 _bENV |
| 245 | 0 | 0 |
_aEnvironment and global modernity / _cedited by Gert Spaargaren, Arthur P.J. Mol, and Frederick H. Buttel. |
| 250 | _a1st. ed. | ||
| 260 |
_aLondon ; _bSAGE Publications, _c2000. |
||
| 300 |
_axii, 257 p. : _bill. ; _c24 cm. |
||
| 490 |
_aSage studies in international sociology ; _v50 |
||
| 500 | _a"This volume originated out of a conference on 'Social Theory and the Environment' organized under the auspices of the International Sociological Association (ISA) by the Research Group on 'Environment and Society'"--Pref. | ||
| 500 | _aIndex : p. 255-257. | ||
| 504 | _aBibliography : p. 251-253. | ||
| 590 | _ayassmeen ashraf | ||
| 650 | 0 |
_aGlobal environmental change _vCongresses. _95479 _2BUEsh |
|
| 650 | 0 |
_aSocial change _vCongresses. _95480 _2BUEsh |
|
| 650 | 0 |
_aGlobalization _vCongresses. _95481 _2BUEsh |
|
| 651 | _2BUEsh | ||
| 653 |
_bBUSECO _cAugust2015 |
||
| 700 | 1 |
_aSpaargaren, Gert. _95482 _teditor |
|
| 700 | 1 |
_aMol, A. P. J. _95483 _teditor |
|
| 700 | 1 |
_aButtel, Frederick H. _95484 _teditor |
|
| 856 | 4 | 2 |
_3Publisher description _uhttp://www.loc.gov/catdir/enhancements/fy0657/00708587-d.html |
| 856 | 4 | 1 |
_3Table of contents only _uhttp://www.loc.gov/catdir/enhancements/fy0657/00708587-t.html |
| 942 |
_2ddc _cBB |
||
| 999 |
_c11658 _d11658 |
||